00215nam a2200085Ia 4500008004100000041000800041100001600049245003700065260002700102231212s1989 xx 000 0 und d aeng aGulati R.R. aMonochrome And Colour Television aNew DelhibRupa c1989